[Event "Moscow Aeroflot op-B"]
[Site "Moscow"]
[Date "2004.02.22"]
[Round "6"]
[White "Tseitlin, Mark D"]
[Black "Leito, Priit"]
[Result "1-0"]
[WhiteElo "2455"]
[BlackElo "2357"]
[PlyCount "67"]
[EventDate "2004.02.17"]
[EventType "swiss"]
[EventRounds "9"]
[EventCountry "RUS"]
[SourceTitle "EXT 2005"]
[Source "ChessBase"]
[SourceDate "2004.11.15"]
[SourceVersion "1"]
[SourceVersionDate "2004.11.15"]
[SourceQuality "1"]

1. e4 c5 2. Nf3 e6 3. Nc3 Nc6 4. d4 cxd4 5. Nxd4 d6 6. Be3 Nf6 7. Be2 Be7 8.
Qd2 O-O 9. O-O-O Nxd4 10. Bxd4 e5 11. Be3 Be6 12. Kb1 a6 13. f3 Rc8 14. g4 Qc7
15. Rc1 b5 16. h4 Rfd8 17. Nd5 Qb7 18. Rcd1 Bxd5 19. exd5 Qc7 20. c3 Nd7 21.
Bd3 Nb6 22. Qc2 h6 23. g5 h5 24. g6 Nxd5 25. gxf7+ Kf8 26. Bc1 Nf6 27. Rhg1
Kxf7 28. Qg2 Bf8 29. Bf5 Qc4 30. b3 Qxc3 31. Qg6+ Ke7 32. Bg5 e4 33. Bxe4 Rc5
34. Rge1 1-0

[Event "Moscow Aeroflot op-B"]
[Site "Moscow"]
[Date "2004.02.23"]
[Round "7"]
[White "Kuznetsov, Viktor2"]
[Black "Tseitlin, Mark D"]
[Result "0-1"]
[WhiteElo "2375"]
[BlackElo "2455"]
[PlyCount "116"]
[EventDate "2004.02.17"]
[EventType "swiss"]
[EventRounds "9"]
[EventCountry "RUS"]
[SourceTitle "EXT 2005"]
[Source "ChessBase"]
[SourceDate "2004.11.15"]
[SourceVersion "1"]
[SourceVersionDate "2004.11.15"]
[SourceQuality "1"]

1. e4 c5 2. Nf3 d6 3. d4 cxd4 4. Nxd4 Nf6 5. Nc3 Nc6 6. Be2 e5 7. Nf3 h6 8. O-O
Be7 9. Re1 O-O 10. Bf1 a6 11. a4 Qc7 12. Be3 Be6 13. Nd5 Bxd5 14. exd5 Nb4 15.
c4 a5 16. Bd2 Na6 17. Bd3 Nc5 18. Bc2 Nfd7 19. Qe2 Rae8 20. Be3 Bf6 21. h3 b6
22. Qd2 e4 23. Nd4 Ne5 24. b3 Bg5 25. Qd1 Ned3 26. Rf1 f5 27. Bxd3 Nxd3 28. Ne6
Rxe6 29. dxe6 Re8 30. h4 Bf4 31. Qh5 Rf8 32. Bd4 Qe7 33. Qg6 Be5 34. Bxe5 dxe5
35. Qh5 Nf4 36. Qd1 Rd8 37. Qe1 Qxh4 38. e7 Qxe7 39. Rd1 Rd3 40. g3 Nh3+ 41.
Kg2 Ng5 42. Rxd3 exd3 43. Qe3 Qb7+ 44. f3 e4 45. fxe4 fxe4 46. Kf2 Qf7+ 47. Kg2
Qe6 48. Rf4 Qh3+ 49. Kg1 Qh5 50. Kg2 Qh3+ 51. Kg1 Qd7 52. Rf1 Qd6 53. Kg2 Qd7
54. Kg1 Qg4 55. Kg2 Nf3 56. Kf2 Qh3 57. Rc1 Qh2+ 58. Kf1 Qxg3 0-1

[Event "Moscow Aeroflot op-B"]
[Site "Moscow"]
[Date "2004.02.24"]
[Round "8"]
[White "Tseitlin, Mark D"]
[Black "Wang, Yu"]
[Result "1-0"]
[WhiteElo "2455"]
[BlackElo "2393"]
[PlyCount "87"]
[EventDate "2004.02.17"]
[EventType "swiss"]
[EventRounds "9"]
[EventCountry "RUS"]
[SourceTitle "EXT 2005"]
[Source "ChessBase"]
[SourceDate "2004.11.15"]
[SourceVersion "1"]
[SourceVersionDate "2004.11.15"]
[SourceQuality "1"]

1. e4 e5 2. Nf3 Nc6 3. Bb5 a6 4. Ba4 Nf6 5. O-O Be7 6. Bxc6 dxc6 7. Qe2 Nd7 8.
b3 c5 9. Bb2 f6 10. Nh4 O-O 11. Nf5 Nb8 12. f4 exf4 13. Rxf4 Nc6 14. Nxe7+ Qxe7
15. Qf2 Ne5 16. Nc3 Be6 17. Rf1 b6 18. d3 a5 19. d4 Rf7 20. Nd1 Raf8 21. Ne3
Qd7 22. Qg3 Ng6 23. R4f3 Qd6 24. Qe1 Ne7 25. g4 Nc6 26. Rg3 Nxd4 27. Rg2 Kh8
28. Qh4 c6 29. Qe1 Qe5 30. Bc3 Kg8 31. Kh1 Rb8 32. Bd2 Rd8 33. Bc1 Ra7 34. Qh4
Rf8 35. Nf5 Bxf5 36. gxf5 b5 37. Bf4 Qe7 38. Rg3 Rf7 39. Rfg1 Ne2 40. Rh3 Kf8
41. Qxh7 Ke8 42. Qh8+ Rf8 43. Qh5+ Qf7 44. Qxe2 1-0

[Event "Moscow Aeroflot op-B"]
[Site "Moscow"]
[Date "2004.02.25"]
[Round "9"]
[White "Galstian, Beniamin"]
[Black "Tseitlin, Mark D"]
[Result "0-1"]
[WhiteElo "2365"]
[BlackElo "2455"]
[PlyCount "90"]
[EventDate "2004.02.17"]
[EventType "swiss"]
[EventRounds "9"]
[EventCountry "RUS"]
[SourceTitle "EXT 2005"]
[Source "ChessBase"]
[SourceDate "2004.11.15"]
[SourceVersion "1"]
[SourceVersionDate "2004.11.15"]
[SourceQuality "1"]

1. e4 c5 2. Nf3 d6 3. c3 Nf6 4. Bd3 Nc6 5. Bc2 Bg4 6. d3 g6 7. Nbd2 Bg7 8. h3
Bd7 9. O-O O-O 10. Re1 Rc8 11. Nf1 e5 12. Bg5 h6 13. Bh4 Qb6 14. Rb1 Be6 15.
Bb3 Bxb3 16. axb3 Ne8 17. Ne3 f6 18. Nd2 Qd8 19. Nd5 Nc7 20. Ra1 Nxd5 21. exd5
Ne7 22. Rxa7 Qb6 23. Qa1 Nxd5 24. Nc4 Qc7 25. Bg3 Ne7 26. Qa5 Qc6 27. Nb6 Rb8
28. b4 Kh7 29. b5 Qe8 30. c4 f5 31. f3 Qd8 32. Bf2 g5 33. b4 g4 34. bxc5 dxc5
35. Bxc5 gxf3 36. Na4 Qxd3 37. Qc3 Qd7 38. Qxf3 e4 39. Qf2 Qe6 40. Nb6 Rfd8 41.
Kh1 Ng6 42. Rf1 f4 43. Nd5 e3 44. Qe2 Qe4 45. Ra4 Rxd5 0-1

[Event "Beersheba g/30'"]
[Site "Beersheba"]
[Date "2004.04.18"]
[Round "1"]
[White "Tyomkin, Dimitri"]
[Black "Tseitlin, Mark D"]
[Result "0-1"]
[WhiteElo "2503"]
[BlackElo "2455"]
[Annotator "Tyomkin,D"]
[PlyCount "98"]
[EventDate "2004.04.18"]
[EventType "tourn (rapid)"]
[EventRounds "11"]
[EventCountry "ISR"]
[EventCategory "12"]
[SourceTitle "CBM 101"]
[Source "ChessBase"]
[SourceDate "2004.07.27"]
[SourceVersion "1"]
[SourceVersionDate "2004.07.27"]
[SourceQuality "1"]

1. e4 e5 2. Nf3 Nc6 3. Bc4 Nf6 4. d3 Be7 5. O-O O-O 6. c3 d6 7. a4 a5 {Very
rare move in this position, but definitely a possible one; The only drawback
of this move is it gives up b5 square, but white can't really use this out;
Other choices for black are:} (7... Kh8 8. Nbd2) (7... Be6 8. Nbd2 Qd7 9. Re1)
(7... h6 8. Nbd2 Nh7 9. a5) 8. Nbd2 Be6 (8... h6 $5 {[%cal Gf6h7]}) 9. Bxe6 (9.
Qb3 Qd7 {and pawn b7 is untouchable;}) 9... fxe6 10. Re1 {[%cal Gd2f1]} (10.
Qb3 Qd7 11. Nc4 {[%cal Gb3b5]}) 10... Qe8 11. Qb3 Nd8 12. Ng5 {d4 is premature
here;} (12. d4 exd4 13. cxd4 Qg6 $11) 12... Qd7 13. Nf1 (13. Nc4 Nh5 14. Nf3 (
14. d4 $14) 14... Nf4 15. Bxf4 Rxf4 16. d4 $14) 13... Nh5 14. d4 Bxg5 15. Bxg5
Nf4 16. Qd1 $6 {That's the right time to trade on f4; in the game white delays
it for one move, and black manages to keep f-file open; 16.Bxf4 forces black
to take back on f4 with a pawn;} (16. Bxf4 exf4 (16... Rxf4 17. dxe5 dxe5 18.
Rad1 $16) 17. Nd2 $14 Kh8 18. Nf3 $14) 16... Nc6 17. Bxf4 {Too late;} Rxf4 (
17... exf4 18. Nd2 {[%cal Gd1g4,Gd2f3]}) 18. g3 Rf7 19. dxe5 Nxe5 20. f4 Nc6 {
White has space advantage here, while black has no weaknesses and may get some
play over the kingside; This position is balanced more or less;} 21. Qg4 Ra6 $6
{aiming for b6, but actually black rook is misplaced there; Mark moves the
rook back in 2 moves;} (21... Raf8 22. Ne3 Qe7 $14) 22. Ne3 Qe7 23. Rad1 Ra8 $1
{switching to the right rails;} 24. Nc4 Raf8 25. e5 d5 26. Ne3 Kh8 27. Rd2 $2 {
simply understimating black's following blow;} (27. h4 $1 {to prevent g7-g5
blow; White must be better here because of more space;}) {[%tqu "En","Find a
way for black to get an advantage;","Black pieces are all set, and black has a
way to break in;","","g7g5","",10]} 27... g5 $1 28. Rg2 $2 {Desperation; White
could've still fought on by 28.Ng2 not losing any material;} (28. fxg5 Rg7 $1 {
and white loses both pawns;} (28... Nxe5 29. Qd4 Qxg5 30. Nc4 $1)) (28. Ng2
$142 gxf4 29. gxf4 (29. Nxf4 Rxf4 $1 $19) 29... Rg8 30. Qf3 Qh4 {[%cal Gh4f4,
Gh4e1]} 31. Rf2 Rfg7 {[%cal Rg7g2]} 32. Ref1 Ne7 33. Kh1 Qh6 34. Ne3 $15 {
White survives in this line, but black is obviously better;}) 28... gxf4 29.
gxf4 Rxf4 $19 30. Qh5 Qc5 (30... d4 $1 $19) 31. h3 Qe7 (31... d4 32. Qh6 R4f7
$19) 32. Qg5 Qxg5 {The game is actually over now and Mark manages to convert
his advantage to a win pretty easily;} 33. Rxg5 Rf3 34. Kh1 Rxh3+ 35. Kg1 d4
36. Ng4 dxc3 37. bxc3 Rxc3 38. Rf1 Rxf1+ 39. Kxf1 Rf3+ 40. Ke2 Rf5 41. Nh6 Rxg5
(41... Rxe5+ $142 $19) 42. Nf7+ Kg8 43. Nxg5 Nxe5 44. Nxe6 c6 45. Ke3 b5 46.
Kd4 bxa4 47. Kxe5 a3 48. Nd4 a2 49. Nc2 Kf7 0-1

[Event "EU-ch Seniors 05th"]
[Site "Bad Homburg"]
[Date "2005.??.??"]
[Round "4"]
[White "Gaprindashvili, Nona"]
[Black "Tseitlin, Mark D"]
[Result "0-1"]
[WhiteElo "2324"]
[BlackElo "2458"]
[PlyCount "90"]
[EventDate "2005.06.25"]
[EventType "swiss"]
[EventRounds "9"]
[EventCountry "GER"]
[SourceTitle "EXT 2006"]
[Source "ChessBase"]
[SourceDate "2005.11.24"]
[SourceVersion "1"]
[SourceVersionDate "2005.11.24"]
[SourceQuality "1"]

1. d4 Nf6 2. c4 g6 3. Nf3 Bg7 4. g3 O-O 5. Bg2 d6 6. Nc3 Nc6 7. d5 Na5 8. Nd2
c6 9. O-O cxd5 10. cxd5 Bf5 11. Nb3 Rc8 12. h3 Nc4 13. Nd4 Bd7 14. b3 Qa5 15.
bxc4 Qxc3 16. Rb1 Rxc4 17. Be3 Ba4 18. Qd3 Qxd3 19. exd3 Rc7 20. Rb4 Bd7 21.
Rfb1 b6 22. Rc4 Rfc8 23. Rbc1 Rxc4 24. dxc4 e5 25. Nc6 Bxc6 26. dxc6 e4 27. Bd4
Rxc6 28. Bxf6 Bxf6 29. Bxe4 Rc5 30. Rc2 Bd4 31. Kf1 Ra5 32. Ke2 Kg7 33. Bd5 Ra3
34. Bc6 h5 35. h4 f5 36. Bd7 Be5 37. Kf1 f4 38. gxf4 Bxf4 39. Kg2 Be5 40. Rd2
Bf6 41. Rxd6 Rxa2 42. Be8 Re2 43. Bb5 Bxh4 44. c5 Rxf2+ 45. Kh3 Bf6 0-1

[Event "EU-ch Seniors 05th"]
[Site "Bad Homburg"]
[Date "2005.??.??"]
[Round "7"]
[White "Tseitlin, Mark D"]
[Black "Khanukov, Boris"]
[Result "1-0"]
[WhiteElo "2458"]
[BlackElo "2390"]
[PlyCount "80"]
[EventDate "2005.06.25"]
[EventType "swiss"]
[EventRounds "9"]
[EventCountry "GER"]
[SourceTitle "EXT 2006"]
[Source "ChessBase"]
[SourceDate "2005.11.24"]
[SourceVersion "1"]
[SourceVersionDate "2005.11.24"]
[SourceQuality "1"]

1. e4 e5 2. Nf3 Nc6 3. Bb5 a6 4. Ba4 Nf6 5. O-O Be7 6. Re1 b5 7. Bb3 d6 8. c3
O-O 9. h3 Na5 10. Bc2 c5 11. d4 Qc7 12. Nbd2 cxd4 13. cxd4 Bd7 14. Nf1 Nc6 15.
Be3 a5 16. Rc1 Qb7 17. Ng3 Rfe8 18. Bb1 Bd8 19. a3 Bb6 20. dxe5 Nxe5 21. Ba2
Bxe3 22. Rxe3 Nxf3+ 23. Rxf3 Be6 24. Bb1 Qe7 25. Qd4 Rac8 26. Rfc3 Qd7 27. Bd3
Rxc3 28. Qxc3 Ra8 29. Qc6 Qxc6 30. Rxc6 b4 31. Rxd6 bxa3 32. bxa3 Kf8 33. e5
Nd7 34. f4 Nc5 35. Bxh7 g6 36. f5 Kg7 37. Bxg6 fxg6 38. fxe6 Re8 39. Rd5 Rc8
40. e7 Ne6 1-0

[Event "EU-ch Seniors 06th"]
[Site "Davos"]
[Date "2006.08.07"]
[Round "3"]
[White "Bakhmatov, Eduard"]
[Black "Tseitlin, Mark D"]
[Result "0-1"]
[WhiteElo "2341"]
[BlackElo "2455"]
[Annotator "Cebalo,M"]
[PlyCount "104"]
[EventDate "2006.08.05"]
[EventType "swiss"]
[EventRounds "9"]
[EventCountry "SUI"]
[SourceTitle "CBM 113 Extra"]
[Source "ChessBase"]
[SourceDate "2006.09.14"]
[SourceVersion "1"]
[SourceVersionDate "2006.09.14"]
[SourceQuality "1"]

1. e4 c5 2. Nf3 Nc6 3. d4 cxd4 4. Nxd4 Nf6 5. Nc3 d6 6. Bc4 {White chooses
Sozin instead of Richter-Rauser.} e6 7. Be3 Be7 8. Qe2 {This move leeds to the
famous Velimirovich Attack.} Bd7 {An interesting sideline developed by Israely
GMs Greenfeld and Avrukh.} ({Main moves are} 8... a6) ({and} 8... O-O) 9. O-O-O
Rc8 {Our first example is dedicated to the author of the system:} (9... a6 10.
Bb3 Qa5 11. f4 b5 12. a3 b4 13. axb4 Nxb4 14. g4 Rc8 15. g5 Rxc3 16. gxf6 Rxe3
17. Qxe3 Bxf6 18. Kb1 O-O 19. e5 Be7 20. Rhg1 g6 21. f5 dxe5 22. Nxe6 Bxe6 23.
fxe6 fxe6 24. Bxe6+ Kh8 25. Rxg6 Qc7 26. c3 Bc5 27. Qh6 {1-0 Velimirovic,
D-Pekun,C/Sofia 1972.}) 10. Bb3 {Other examples are dedicated to the above
mentioned Israely GMs:} (10. f3 O-O 11. g4 Nxd4 12. Bxd4 Qa5 13. Bb3 b5 14. e5
dxe5 15. Qxe5 Qc7 16. g5 Nh5 17. Nd5 exd5 18. Qxe7 Rfe8 19. Qb4 a5 20. Qc3 Qf4+
21. Qd2 Bf5 22. a4 Qxf3 23. Rhe1 Nf4 24. Rxe8+ Rxe8 25. Re1 Rc8 26. Re3 Qf1+
27. Qd1 Nd3+ 28. Kd2 Qf4 29. Qf3 Qxd4 30. c3 Qf4 31. Qxf4 Nxf4 32. Rf3 bxa4 33.
Rxf4 axb3 34. Rxf5 Rc5 35. Kd3 a4 36. Kd4 Ra5 37. c4 a3 38. bxa3 b2 39. Rf1
dxc4 40. Rb1 c3 41. Kxc3 Rxa3+ 42. Kxb2 Rh3 43. Kc1 Kf8 44. Rb2 Ke7 45. Re2+
Kd6 46. Kd2 Rh5 47. Rg2 Ke5 48. Ke3 Kf5 {0-1 Rogic,D-Greenfeld,A/Pardubice
1995.}) (10. Nxc6 bxc6 11. g4 O-O (11... d5 12. g5 Nxe4 13. Nxe4 dxe4 14. Rd4
c5 15. Rxe4 Bc6 16. Rd1 Qb6 17. Rh4 g6 18. Bd2 O-O 19. Bxe6 Bf3 20. Qxf3 Qxe6
21. Qb3 c4 22. Qc3 Rfd8 23. Rd4 Bc5 24. Rxc4 Bxf2 25. Rxc8 Rxc8 26. Qb3 Qe5 27.
Bc3 Qxg5+ 28. Kb1 Rd8 29. Rxd8+ Qxd8 30. a3 Bd4 31. Bxd4 Qxd4 32. c4 h5 33. Qc2
Kf8 34. c5 Ke7 35. b4 Qe3 36. Kb2 g5 37. Qg2 Qd4+ 38. Kb3 Qd3+ 39. Kb2 Qd4+ 40.
Kb3 Qd3+ {1/2-1/2 Frolov,D-Tseitlin,M/St Petersburg 1997.}) 12. g5 Ne8 13. f4
d5 14. Bd3 Bb4 15. Qh5 f5 16. exf5 exf5 17. Bd4 Bd6 18. Qf3 Nc7 19. Rhe1 Ne6
20. Be5 Qc7 21. g6 hxg6 22. Qg3 Rce8 23. Qxg6 Bxe5 24. fxe5 Nf4 25. Qg5 Nxd3+
26. cxd3 d4 27. Nb1 Rxe5 28. Nd2 Rfe8 29. Rg1 Be6 30. Nf3 Ra5 31. Qg6 Rc5+ 32.
Kb1 Qf7 33. Qxf7+ Bxf7 34. Nxd4 Rd8 35. Ne2 Ra5 36. Nc3 Rd4 37. Rg5 Kf8 38. Kc2
Re5 39. Rd2 Rh4 40. Rf2 g6 41. Ne2 Kg7 42. Nf4 Kf6 43. Rg1 g5 44. Ne2 Bxa2 45.
Ra1 Ra4 46. Nc1 Rea5 47. Nxa2 Rxa2 48. Re1 Rb5 49. Kb1 Ra3 50. Rc2 Rb6 51. Re3
f4 52. Rh3 Ra5 53. Rh6+ Kg7 54. Rcxc6 Rf5 55. Rxb6 axb6 56. Re6 f3 57. Re1 Kf6
58. Kc2 Re5 59. Rf1 Re2+ 60. Kc3 g4 61. h3 Kf5 62. b4 f2 63. hxg4+ Kxg4 64. Kc4
Kf3 65. Kb5 Re6 66. d4 Kg2 67. Ra1 f1=Q+ 68. Rxf1 Kxf1 69. d5 {0-1 Rechlis,
G-Avrukh,B/Israel 2000.}) (10. f4 Na5 (10... O-O 11. Nxc6 bxc6 12. e5 Nd5 13.
exd6 Bxd6 14. Qd3 Qc7 15. Rhf1 Rcd8 16. Ne4 Be7 17. Bd4 Bc8 18. Qg3 f6 19. Bc5
Kh8 20. Qf2 Bxc5 21. Nxc5 Qb6 22. g3 e5 23. fxe5 Bh3 24. Rfe1 fxe5 25. Qg1 Bg4
26. Rd3 Qb4 27. Bb3 Bf5 28. a3 Qg4 29. Rdd1 e4 30. Kb1 Qg6 31. Rd4 {1/2-1/2
Ashley,M-Avrukh,B/Wijk aan Zee 2000.}) 11. Bd3 e5 12. Nf3 Rxc3 13. bxc3 Qc7 14.
fxe5 dxe5 15. Bb5 O-O 16. Bxd7 Ba3+ 17. Kd2 Nxe4+ 18. Ke1 Nxc3 19. Qd3 e4 20.
Bf4 Qb6 21. Qxc3 Bb4 22. Qxb4 Qxb4+ 23. c3 Qxc3+ 24. Bd2 Qc5 25. Rc1 Qe7 26.
Ng1 Qxd7 27. Bxa5 Rc8 28. Bc3 e3 29. Nf3 Qd3 30. Ne5 Qd5 31. Rf1 Rxc3 32. Rd1
Rc1 {0-1 Karpman,V-Greenfeld,A/Israel 2002.}) 10... Na5 11. f3 a6 (11... Nxb3+
12. axb3 (12. Nxb3 a5 13. Qf2 Rxc3 14. bxc3 a4 15. Nd2 Qc7 16. c4 e5 17. Kb2 b5
18. Ka1 d5 19. Bb6 Qc6 20. c5 O-O 21. c3 Be6 22. Rhe1 Nd7 23. exd5 Bxd5 24. Nb1
Nxc5 25. Bxc5 Bxc5 26. Qd2 Be6 27. Rxe5 a3 28. Qg5 Bd6 29. Rxb5 h6 30. Rxd6 Qc4
31. Qd2 Qxb5 32. Nxa3 Qf1+ 33. Nb1 Bf5 34. Rb6 Ra8 35. Qd5 {1-0 Mortensen,
E-Greenfeld,A/Moscow 1994/CBM 045 (35)}) 12... Qa5 13. Kb1 O-O 14. g4 Ne8 15.
h4 Nc7 16. Bg5 f6 (16... Rfe8 17. Bxe7 Rxe7 18. Qd2 Qc5 19. h5 Ne8 20. h6 g6
21. f4 b5 22. b4 Qb6 23. f5 Bc6 24. fxe6 fxe6 25. Rhf1 Qb7 26. Qg5 Qd7 27. e5
Rf7 28. exd6 Nxd6 29. Rxf7 Qxf7 30. Nxc6 Rxc6 31. Nxb5 Ne8 32. Qd8 Qf8 33. Nxa7
Rc7 34. Nb5 Re7 35. Nd6 e5 36. Ne4 {1-0 Sokolov,A-Avrukh,B/Greece 94/177 2005 
(36)}) 17. Bd2 Qa6 18. Qg2 Qb6 19. Be3 Qa5 20. g5 f5 21. exf5 exf5 22. Bf4 Rfe8
23. h5 Bf8 24. Rhg1 g6 25. Qh2 Bg7 26. Bxd6 Nd5 27. Nxd5 Qxd5 28. Rh1 Kf7 29.
Qf4 Rcd8 30. hxg6+ hxg6 31. c4 Qa5 32. Bc7 Qc5 33. Bxd8 Rxd8 34. Rh7 Re8 35.
Qh2 Qe5 36. f4 Qe4+ 37. Nc2 Bc6 38. Qh6 {1-0 Areshchenko,A-Balogh,C/Khanty
Mansyisk RUS 2005 (38)}) 12. g4 O-O 13. g5 Nh5 14. Rhg1 g6 15. f4 Nxb3+ 16.
axb3 Qa5 17. Kb1 b5 18. f5 b4 19. Na4 (19. Na2 d5 20. f6 Bc5 21. exd5 exd5 22.
Nc1 Rfe8 23. Qf2 {would lead to an unclear position with chances for both
sides.}) 19... e5 (19... Rfe8 {is a typical reaction in such positions,
vacating f8 square for the bishop.}) 20. f6 Bd8 {Diagram #} 21. Nf5 $1 Bxf5 ({
Better than} 21... Bxa4 22. bxa4 Qxa4 23. Nh6+ Kh8 24. Rxd6 b3 25. cxb3 Qxe4+
26. Qd3 Qxd3+ 27. Rxd3 {and White would have a decisive advantage due to his
Nh6 which paralyses completely black position.}) 22. exf5 d5 (22... Qb5 23. Qf3
Qc6 24. Qxc6 Rxc6 25. fxg6 hxg6 26. Rg4 a5 27. Rc4 $1 Rxc4 (27... Ra6 28. Rc8
Be7 29. Rc7 Bd8 30. Rd7) 28. bxc4 Bc7 29. Bb6 {and White is clearly better
because Na4 will be soon back in business.}) 23. fxg6 hxg6 {Diagram #} 24. Rg4
({Wrong piece on the right square!} 24. Qg4 $1 {with the idea to penetrate in
d7 looks almost winning , e.g:} Qc7 (24... Rc7 $2 25. Bb6) (24... Ra8 25. Bc5
Re8 26. Bxb4) 25. Bc5 Re8 26. Rxd5 Nf4 27. Rd7 {and black position looks
horrible. The idea of the text move is to sacrifice exchange on h5.}) 24... d4
{Now Black is again in the game.} 25. Bc1 Qb5 ({A careless} 25... Bc7 $2 26.
Rh4 Bd6 {would allow} 27. Rxh5 {which was the idea behind the rook move in g4.}
) 26. Rd3 {White stubbornly continues to play for exchange sacrifice. Better
was} (26. Re4 $1 {and Black would be forced to let Na4 out of prison,e.g:} Qxe2
27. Rxe2 Bc7 {(the only move to defend e5)} 28. Nc5 {with somewhat better
endgame.}) 26... Re8 27. Rh4 Nxf6 (27... Qc6 28. Rdh3 {and white attack looks
iresistible.}) 28. gxf6 Bxf6 {White's attacking ideas are definitely
eliminated. His material advantage is just symbolic since Na4 is out of play,
while a mass of black pawns in the centre looks terrifying.} 29. Re4 Bg7 30.
Qg2 Qc6 31. Rg3 Re6 {Now Black is ready for f7-f5.} 32. Reg4 e4 33. Rg5 Bf8 $1
{Keeping consequently Na4 out of play and} ({better than} 33... Be5 34. R3g4 d3
35. c4 ({but not} 35. Rxe4 d2 36. Bxd2 Qxc2+ 37. Ka2 Bxb2 $1 {winning.}) 35...
bxc3 36. bxc3 Bd4 37. Bb2 Bg7 38. Rc5 Qb7 39. Rxc8+ Qxc8 40. Rxe4 {and White
is again on the top.}) 34. Bf4 e3 35. Qxc6 Rcxc6 36. Rg1 Re4 $6 ({Missing a
forced win:} 36... Bh6 $1 37. R5g4 f5 38. Rh4 e2 39. Rxh6 (39. Re1 g5) (39. Bg3
Be3 40. Re1 g5 41. Rh5 Bd2) 39... e1=Q+ 40. Rxe1 Rxe1+ 41. Ka2 Rg1) 37. Bg3 $2
(37. Bb8 {was the only move to stay in the game, not allowing Pf7 to march
forward.}) 37... f5 {Now black pawns are unstoppable. The rest is just an
agony.} 38. Be1 Kf7 39. Rf1 a5 40. Rg2 Bd6 41. Rfg1 Be7 42. Rf1 f4 43. Rg4 g5
44. h4 Kg6 45. hxg5 Kf5 46. Rh4 Bxg5 47. Rh8 Re5 48. Rb8 e2 49. Rg1 f3 50. Rf8+
Rf6 51. Rxf6+ Kxf6 52. Nb6 {"Zu spaet majestaet!", as they say in german.} Rf5
{and White resigned without waiting Black to push f3-f2. [ M.Cebalo ]} 0-1

[Event "EU-ch Seniors 06th"]
[Site "Davos"]
[Date "2006.08.11"]
[Round "7"]
[White "Tseitlin, Mark D"]
[Black "Khanukov, Boris"]
[Result "1-0"]
[WhiteElo "2455"]
[BlackElo "2357"]
[PlyCount "71"]
[EventDate "2006.08.05"]
[EventType "swiss"]
[EventRounds "9"]
[EventCountry "SUI"]
[SourceTitle "CBM 113 Extra"]
[Source "ChessBase"]
[SourceDate "2006.09.14"]
[SourceVersion "1"]
[SourceVersionDate "2006.09.14"]
[SourceQuality "1"]

1. e4 c5 2. Nf3 g6 3. d4 Bg7 4. dxc5 Qa5+ 5. c3 Qxc5 6. Na3 d6 7. Be3 Qa5 8.
Qb3 Nf6 9. Bb5+ Nbd7 10. e5 dxe5 11. Ng5 e6 12. Bc5 Bf8 13. Nxe6 fxe6 14. Qxe6+
Kd8 15. Rd1 Bxc5 16. Qxf6+ Kc7 17. Qxh8 Bxa3 18. Bxd7 Bxd7 19. Qxa8 Bc8 20. O-O
Bxb2 21. Rd2 Ba3 22. Rfd1 Be7 23. Rd5 Qa4 24. Rc1 e4 25. Re5 Bd6 26. Rxe4 Qxa2
27. Re8 Bd7 28. Qd8+ Kc6 29. Re2 Qd5 30. Re4 Bc5 31. Qf6+ Kc7 32. Qf4+ Qd6 33.
Re5 b6 34. Rxc5+ bxc5 35. Qxd6+ Kxd6 36. Ra1 1-0

[Event "EU-ch Seniors 06th"]
[Site "Davos"]
[Date "2006.08.13"]
[Round "9"]
[White "Kortschnoj, Viktor Lvovich"]
[Black "Tseitlin, Mark D"]
[Result "0-1"]
[WhiteElo "2603"]
[BlackElo "2455"]
[PlyCount "144"]
[EventDate "2006.08.05"]
[EventType "swiss"]
[EventRounds "9"]
[EventCountry "SUI"]
[SourceTitle "CBM 113 Extra"]
[Source "ChessBase"]
[SourceDate "2006.09.14"]
[SourceVersion "1"]
[SourceVersionDate "2006.09.14"]
[SourceQuality "1"]

1. Nf3 Nf6 2. c4 g6 3. Nc3 d5 4. Qa4+ Bd7 5. Qb3 dxc4 6. Qxc4 a6 7. e4 b5 8.
Qe2 c5 9. e5 Nh5 10. Ne4 Nf4 11. Qe3 Bh6 12. Neg5 Bxg5 13. Nxg5 Ne6 14. Nxe6
Bxe6 15. Qxc5 Nd7 16. Qe3 Nb6 17. b3 Nd5 18. Qd4 Qa5 19. a3 O-O 20. Be2 Rfd8
21. O-O Rac8 22. Qh4 Qc7 23. Qg3 Qc5 24. d4 Qxd4 25. Bg5 Rc3 26. Rad1 Rxg3 27.
Rxd4 Rxg5 28. f4 Rxg2+ 29. Kxg2 Ne3+ 30. Kf2 Rxd4 31. Kxe3 Rd8 32. a4 Bxb3 33.
axb5 axb5 34. Bxb5 Be6 35. Bc6 Rc8 36. Be4 Rc3+ 37. Kf2 Rc4 38. Ke3 Ra4 39. Rd1
Kg7 40. Bf3 h5 41. Rd4 Ra2 42. Rd2 Rxd2 43. Kxd2 h4 44. Ke3 Kh6 45. Bd1 g5 46.
Be2 g4 47. Kf2 Bf5 48. Bd1 Kg7 49. Ba4 f6 50. exf6+ exf6 51. Bc6 Kf8 52. Bd5
Ke7 53. Bc6 Kd6 54. Bb7 Kc5 55. Ke3 Kc4 56. Bc6 Kc3 57. Bb7 Bd7 58. Be4 f5 59.
Bb1 Be6 60. Ke2 Kd4 61. Kf2 Bd7 62. Bc2 Kc3 63. Bb1 Kd2 64. Ba2 Ba4 65. Be6 Bc2
66. Bc8 Be4 67. Ba6 Kc3 68. Bb5 Bd3 69. Bc6 Kd4 70. Bb7 Bc4 71. Bg2 Bd5 72. Bf1
Bf3 0-1

[Event "EU-chT Seniors 09th"]
[Site "Dresden"]
[Date "2007.02.17"]
[Round "2"]
[White "Tseitlin, Mark D"]
[Black "Kuettner, Uwe"]
[Result "1-0"]
[WhiteElo "2480"]
[BlackElo "2348"]
[PlyCount "57"]
[EventDate "2007.02.16"]
[EventType "team-swiss"]
[EventRounds "9"]
[EventCountry "GER"]
[SourceTitle "CBM 117 Extra"]
[Source "ChessBase"]
[SourceDate "2007.05.09"]
[SourceVersion "1"]
[SourceVersionDate "2007.05.09"]
[SourceQuality "1"]

1. e4 c5 2. Nf3 e6 3. Nc3 a6 4. d4 cxd4 5. Nxd4 Qc7 6. Be2 Nf6 7. O-O Nc6 8. a4
Be7 9. Be3 d6 10. f4 Bd7 11. Nb3 b6 12. g4 O-O 13. g5 Ne8 14. Qe1 Nb4 15. Bd3
Nxd3 16. cxd3 g6 17. f5 f6 18. Nd4 e5 19. Nd5 Qd8 20. Ne6 Bxe6 21. fxe6 Rb8 22.
Rc1 Rb7 23. Bxb6 Rxb6 24. Rc8 Rb7 25. Rxd8 Bxd8 26. Qc3 Bb6+ 27. Nxb6 Rxb6 28.
gxf6 Nxf6 29. e7 1-0